00305nam a2200109Ia 4500008004100000020001800041100002100059245006000080250001500140260002500155300001500180171211s9999 xx 000 0 und d a9780702063060 aStandring, Susan aGray's Anaomy The Anatomical Basis of Clinical Practice a41 Edition bElsevier, Ltd.c2016 a1562 pages